El triunfo de las bestias = Triumph of the Beasts /
Kaydedildi:
| Yazar: | |
|---|---|
| Diğer Yazarlar: | , , , , , , , |
| Materyal Türü: | |
| Dil: | İngilizce |
| Baskı/Yayın Bilgisi: |
Inglaterra :
BBC,
2001, c2001
México : Tycoon [dist.], copyright fecha no identificada |
| Seri Bilgileri: | (Paseando con Animales Prehistóricos ;
4) (Walking with Beasts ; 4) |
| Konular: | |
| Etiketler: |
Etiket eklenmemiş, İlk siz ekleyin!
|
MARC
| LEADER | 00000ngm^a2200000^a^4500 | ||
|---|---|---|---|
| 001 | 000184570 | ||
| 005 | 20250521000000.0 | ||
| 009 | 20260310102119.654 | ||
| 037 | |a Acervo ITESO - Biblioteca | ||
| 041 | |a ING | ||
| 082 | |a 569. |b PAS V. 4 | ||
| 100 | |a Haines, Tim |e (prod. ejecutiva) | ||
| 240 | 1 | 1 | |a [Paseando con animales prehistóricos] |
| 240 | 1 | 1 | |a [Walking with Beasts] |
| 245 | 1 | 3 | |a El triunfo de las bestias = |b Triumph of the Beasts / |c Prod. ejecutiva de T. Haines ; prod. de K. Bartlett. |
| 264 | 4 | |a Inglaterra : |b BBC, |c 2001, c2001 | |
| 264 | 4 | |a México : |b Tycoon [dist.], |c copyright fecha no identificada | |
| 300 | |a 1 DVD sin dato de región |c (49 min.) | ||
| 336 | |a imagen móvil bidimensional |b tdi |2 rdacontenido | ||
| 337 | |a video |b v |2 rdamedio | ||
| 338 | |a videodisco |b vd |2 rdasoporte | ||
| 440 | 1 | |a (Paseando con Animales Prehistóricos ; |v 4) | |
| 440 | 1 | |a (Walking with Beasts ; |v 4) | |
| 546 | |a En inglés, con subtítulos opcionales: español | ||
| 546 | |a Doblaje opcional: español | ||
| 649 | |a XX | ||
| 650 | |a Mamíferos Fósiles | ||
| 650 | |a Animales Extintos | ||
| 650 | |a Mamíferos | ||
| 650 | |a Vertebrados | ||
| 650 | |a Adaptación (Biología) | ||
| 650 | |a Evolución | ||
| 650 | |a Transmutación de los Animales | ||
| 650 | |a Paleontología | ||
| 650 | |a Zoología | ||
| 650 | |a Paleobiología | ||
| 650 | |a Biología | ||
| 650 | |a Historia Natural | ||
| 700 | |a Bartlett, Kate |e (producción) | ||
| 700 | |a Bartlett, Kate |e (guión) | ||
| 700 | |a Hill, Richard |e (fotógrafo) | ||
| 700 | |a Collins, John |e (fotógrafo) | ||
| 700 | |a Hupka, George |e (fotógrafo) | ||
| 700 | |a Fairhead, David |e (montaje) | ||
| 700 | |a Bartlett, Ben |e (música) | ||
| 700 | |a Branagh, Kenneth |e (conducción) | ||
| 910 | |a Fondo General | ||
| 920 | |a Audiovisuales - DVDs | ||
| 905 | |a 302 | ||
| 901 | |a 0500108521 |b IT2 |c DVS |u 20250521 | ||
| 902 | |a https://opac.biblio.iteso.mx/vufind/Record/000184570 | ||